The Ultimate Fighter Season Winners Quiz Stats

 Plays Quiz not verified by Sporcle

Score 0/17 Timer 07:00
0 Plays Today
Season Tournament Winner % Correct
Season 1: Team Couture vs. Team Liddell (light heavyweight)Forrest Griffin
97.6%
Season 2: Team Hughes vs. Team Franklin (heavyweight)Rashad Evans
87.8%
Season 10: Team Rampage vs. Team Rashad (heavyweights)Roy Nelson
82.9%
Season 1: Team Couture vs. Team Liddell (middleweight)Diego Sanchez
80.5%
Season 3: Team Ortiz vs. Team Shamrock (light heavyweight)Michael Bisping
73.2%
Season 4: The Comeback (welterweight)Matt Serra
73.2%
Season 5: Team Penn vs. Team Pulver (lightweight)Nate Diaz
63.4%
Season 3: Team Ortiz vs. Team Shamrock (middleweight)Kendall Grove
61%
Season 2: Team Hughes vs. Team Franklin (welterweight)Joe Stevenson
58.5%
Season Tournament Winner % Correct
Season 7: Team Rampage vs. Team Forrest (middleweight)Amir Sadollah
56.1%
Season 9: Team U.S. vs. Team U.K. (lightweight)Ross Pearson
53.7%
Season 11: Team Liddell vs. Team Ortiz (middleweights)Court McGee
48.8%
Season 8: Team Nogueira vs. Team Mir (light heavyweight)Ryan Bader
46.3%
Season 4: The Comeback (middleweight)Travis Lutter
43.9%
Season 8: Team Nogueira vs. Team Mir (lightweight)Efrain Escudero
43.9%
Season 9: Team U.S. vs. Team U.K. (welterweight)James Wilks
41.5%
Season 6: Team Serra vs. Team Hughes (welterweight)Mac Danzig
39%

You're not logged in!

Compare scores with friends on all Sporcle quizzes.
OR
Log In

Show Comments

Extras

Top Quizzes Today


Score Distribution

Your Account Isn't Verified!

In order to create a playlist on Sporcle, you need to verify the email address you used during registration. Go to your Sporcle Settings to finish the process.

Report this User

Report this user for behavior that violates our Community Guidelines.

Details: